| 000 | 01384nam a2200361 a 4500 | ||
|---|---|---|---|
| 001 | c3523459 | ||
| 003 | OSt | ||
| 005 | 20141022105403.0 | ||
| 008 | 970625s1992 hk a b 000 0 chi d | ||
| 020 | _a9622710301 | ||
| 020 | _a9789622710306 | ||
| 066 | _c$1 | ||
| 090 |
_aBV639.P6 _bS5 1992 |
||
| 245 | 0 | 0 |
_a適合勞苦大眾的敎會 Shi he lao ku da zhong de jiao hui = Contextualized church for grass-roots people {ch} / _c劉達芳主編 Liu Dafang zhu bian. |
| 246 | 1 |
_iTitle in English on colophon : _aContextualized church for grass-roots people |
|
| 250 | _aChu ban. | ||
| 260 |
_aXianggang : _bZhongguo shen xue yan jiu yuan, _c1992. |
||
| 300 |
_axii, 354 p. : _bill. ; _c21 cm. |
||
| 336 |
_2rdacontent _atext |
||
| 337 |
_2rdamedia _aunmediated |
||
| 338 |
_2rdacarrier _avolume |
||
| 490 |
_a基福叢書 Ji fu cong shu = _aJiFu series |
||
| 650 | 0 | _aChurch work with the poor {ch}. | |
| 650 | 0 |
_aEvangelistic work _zChina _zHong Kong {ch}. |
|
| 700 | 1 | _a劉達芳 Liu, Dafang. | |
| 830 | 0 | _aJi fu cong shu (Hong Kong, China) | |
| 880 | 0 | 0 |
_6245-01/$1 _a$1!\I'^]!45!Te!9%!MV!M"!BD!CZ(B / _c$1!4"!\9!TT!09!Q[(B. |
| 880 |
_6260-02/$1 _a$1!a)!H$(B : _b$1!04!7o!Nk!:`!N7!ON!^z(B, _c1992. |
||
| 880 | 1 |
_6490-04/$1 _a$1!8<!Nv!5+!CU(B |
|
| 880 | 1 |
_6700-08/$1 _a$1!4"!\9!TT(B. |
|
| 880 | 0 |
_6830-09/$1 _a$1!8<!Nv!5+!CU(B($1!a)!H$(B, $1!04!7o(B) |
|
| 942 |
_2lcc _cBK |
||
| 999 |
_c37842 _d37842 |
||